| 000 | 00380nam a2200145 a 4500 | ||
|---|---|---|---|
| 001 | 1311 | ||
| 003 | CDMR | ||
| 005 | 20130116135209.0 | ||
| 008 | 130130s2010||||||||||||||||||||||||||||d | ||
| 040 |
_aCDMR _bcat _cCPC GIRONA |
||
| 100 | 1 |
_aFreixa, Miquel _91024 |
|
| 245 | 1 | 0 |
_aFrancesc de Verntalitat _bCabdill dels remences _cFreixa, Miquel |
| 260 |
_c2010 _bEditorial Base |
||
| 942 | _cMON | ||
| 999 |
_c1311 _d1311 |
||